Xây dựng bộ luật tố tụng dân sự những vấn đề lý luận và thực tiễn
Đã lưu trong:
| 主要作者: | |
|---|---|
| 格式: | 圖書 |
| 語言: | Undetermined |
| 出版: |
CTQG
2001
|
| 標簽: |
添加標簽
沒有標簽, 成為第一個標記此記錄!
|
| Thư viện lưu trữ: | Trung tâm Học liệu Trường Đại học Cần Thơ |
|---|
| LEADER | 00479nam a2200145Ia 4500 | ||
|---|---|---|---|
| 001 | CTU_47300 | ||
| 008 | 210402s9999 xx 000 0 und d | ||
| 082 | |a 347.597 | ||
| 082 | |b Th550 | ||
| 100 | |a PHAN HỮU THƯ | ||
| 245 | 0 | |a Xây dựng bộ luật tố tụng dân sự những vấn đề lý luận và thực tiễn | |
| 245 | 0 | |c PHAN HỮU THƯ | |
| 260 | |b CTQG | ||
| 260 | |c 2001 | ||
| 980 | |a Trung tâm Học liệu Trường Đại học Cần Thơ | ||